000 00948nam a2200313Ia 4500
003 OSt
005 20221006160114.0
006 a|||||r|||| 00| 0
007 ta
008 221006b |||||||| |||| 00| 0 kor d
020 _a 9788927730781 (Intermediate)
020 _a9788959951987 (Beginning)
_cW67,000 (For three volumes)
024 _a44,298
037 _bGift, KCC (Window on Korea)
_cTextual
040 _aEASL
_cEASL
_bkor
041 _2kor
_akor
082 _aP495, Q0.
100 _aAhn Jean-Myung
_9671905
245 0 _aKorean grammar in use
260 _aSeoul
_bDarakwon Korea
_c2010
300 _a CD - 5
_ccm.
490 _vV.1: Beginning V.3KL
500 _aAccompanying CD - 5
650 _a KL
650 _aKorea - Language
_9671906
700 _a Min Jin-Young
_9671907
942 _hP495, Q0.
_cTEXL
_2CC
999 _c1112390
_d1112390